Regulaciones urbanas : informe final
Gardado en:
| Autor Principal: | |
|---|---|
| Formato: | Libro |
| Publicado: |
[San José , Costa Rica]
1985
|
| Materias: | |
| Etiquetas: |
Engadir etiqueta
Sen Etiquetas, Sexa o primeiro en etiquetar este rexistro!
|
MARC
| LEADER | 00000nam a2200000Ia 4500 | ||
|---|---|---|---|
| 003 | 002573 | ||
| 005 | 20221231144409.0 | ||
| 008 | 140114s1985 c a m 000 ||s d | ||
| 040 | |c cru CEDI | ||
| 090 | |a TFG 1565 | ||
| 100 | |a Monge Zeledón, Jorge Enrique |9 14844 | ||
| 245 | |a Regulaciones urbanas : informe final | ||
| 260 | |c 1985 |a [San José , Costa Rica] | ||
| 300 | |a 120, 17 hojas : ilustraciones ; 28 cm. | ||
| 500 | |a Proyecto de graduación (ingeniero civil)--Universidad de Costa Rica. Facultad de Ingeniería. Escuela de Ingeniería Civil | ||
| 650 | |x REHABILITACION URBANA |9 14845 | ||
| 942 | |c TFG | ||
| 999 | |c 21270 |d 21270 | ||
